Statistics for How many cell organelles can you name?

Click here to take the quiz!

General Stats

  • This quiz has been taken 9 times
  • The average score is 8 of 15

Answer Stats

HintAnswer% Correct
Produces energy (“powerhouse”)Mitochondria
100%
Holds centerNucleus
88%
Provides structural supportCell Wall
63%
PhotosynthesisChloroplasts
63%
Holds the components of the cell and protects them from getting damagedCytoplasm
63%
Produces and assembles the cell's ribosomesNucleolus
63%
Builds proteinRibosome
63%
Helps cells maintain their shape and internal organizationCytoskeleton
50%
Breaks down wasteLysosomes
50%
Stores and maintains homeostasisVacuole
50%
Folds proteinsRough ER
38%
Builds lipids (fats)Smooth ER
38%
Helps with cell division in animal cellCentrioles
25%
Sends “packages” to areas outside the cellGolgi Body
25%
Degradation of hydrogen peroxidePeroxisome
25%

Score Distribution

Percentile by Number Answered

Percent of People with Each Score

Your Score History

You have not taken this quiz